| 000 | 01830nam a2200361 i 4500 | ||
|---|---|---|---|
| 001 | 000024315 | ||
| 003 | DO-SdBNP | ||
| 005 | 20251022120521.0 | ||
| 006 | a||||gr|||| 00| 0 | ||
| 007 | ta | ||
| 008 | 110126e1985 dr abc 000 e spa d | ||
| 040 |
_aDO-SdBNP _bspa _cBNPHU _erda |
||
| 082 | 4 |
_a304.8729407293 _bV476m _222 |
|
| 100 | 1 |
_aVeras, Ramón Antonio _eautor _4autor. _943284 |
|
| 245 | 1 | 0 |
_aMigración caribeña & un capítulo haitiano / _cRamón Antonio Veras ; prólogo, Suzy Castor. |
| 246 | 1 | 1 | _aMigración caribeña y un capítulo haitiano |
| 264 | 4 |
_aSanto Domingo : _bEditora aller, _c©1985. |
|
| 300 |
_a286 páginas : _bIlustraciones, mapas, retratos ; _c23 cm. |
||
| 336 |
_atexto _btxt _2rdacontent |
||
| 337 |
_asin mediación _bn _2rdamedia |
||
| 338 |
_avolumen _bnc _2rdacarrier |
||
| 490 |
_aColección Biblioteca Taller _v184 |
||
| 500 | _aIncluye bibliografía del autor en la contracubierta. | ||
| 500 | _aIncluye referencias bibliogróficas y notas al pie de las páginas. | ||
| 505 |
_aPrólogo-- _gIntroducción-- _gLos inmigrantes en nuestro continente-- _tLa dominacicón extranjera. El desarrollo y la situación de los inmigrantes y la OIT. Discriminación contra los inmigrantes-- _tAlgunas consideraciones sobre República Dominicana-- _tConsideraciones sobre Puerto Rico-- _tInmigraciones ilegales-- _tCreación de organismos para controlar la inmigración-- _tseguridad social-- _tConclusiones-- _gAnexo-- _tInforme de la comisión de cuentas. |
||
| 590 | _aInventariado, 2024 / MF | ||
| 651 | 4 |
_aRepública Dominicana _xEmigración e inmigración _9290 |
|
| 651 | 0 |
_aCaribe (Región) _xEmigración e inmigración _987401 |
|
| 651 | 4 |
_aEmigración e inmigración _949891 |
|
| 700 | 1 |
_aCastor, Suzy, _eprologuista _95921 _4pr. |
|
| 910 | _aValidado. Control de calidad MFF | ||
| 942 |
_2ddc _cLBS1 |
||
| 999 |
_c23808 _d23808 |
||